[Event "Silver Lake Open-A 2018"]
[Site "Veliko Gradiste"]
[Date "2018.06.23"]
[Round "8"]
[White "Pikula, Dejan"]
[Black "Kulkarni, Chinmay"]
[Result "1/2-1/2"]
[WhiteElo "2471"]
[BlackElo "2281"]
[Annotator "TA"]
[PlyCount "34"]
[EventDate "2018.06.21"]
[EventType "swiss"]
[EventCountry "SRB"]
[SourceTitle "playchess.com"]
[Source "ChessBase"]
[SourceQuality "1"]

{[%evp 25,34,-8,-19,-34,-33,-37,-38,-72,-23,-62,-69]} 1. e4 c5 2. Nf3 Nc6 3. d4 cxd4 4. Nxd4 Nf6 5. Nc3 e5 6. Ndb5 d6 7. Nd5 Nxd5 8. exd5 Nb8 9. c4 a6 10. Nc3 Be7 11. Be2 O-O 12. O-O f5 13. f4 Nd7 {LiveBook: 70 Games} 14. Rb1 {B33: Sicilian: Pelikan and Sveshnikov Variations} (14. Kh1 Bf6 15. Qc2 exf4 16. Bxf4 Be5 17. Qd2 Bxf4 18. Rxf4 Ne5 19. Raf1 Bd7 20. Qd4 Rc8 21. g4 g6 22. Ne4 Qe7 23. gxf5 Rxf5 24. Ng3 Rxf4 25. Qxf4 {½-½ (64) Apicella,M (2532)-Krasenkow,M (2642) Haguenau 2013}) 14... Bf6 15. Qc2 g6 16. b4 b6 17. Bd3 $146 ({Predecessor:} 17. Na4 Bb7 18. Be3 Rc8 19. Qb3 Re8 20. Bd3 exf4 21. Bxf4 Ne5 {0-1 (73) Davletbayeva,M (2124)-Harika,D (2353) Batumi 2006}) 17... Qc7 1/2-1/2

[Event "Silver Lake Open-A 2018"]
[Site "Veliko Gradiste"]
[Date "2018.06.23"]
[Round "8"]
[White "Hirneise, Tobias"]
[Black "Dudukovic, Nikola"]
[Result "1-0"]
[WhiteElo "2461"]
[BlackElo "2385"]
[Annotator "TA"]
[PlyCount "83"]
[EventDate "2018.06.21"]
[EventType "swiss"]
[EventCountry "SRB"]
[SourceTitle "playchess.com"]
[Source "ChessBase"]
[SourceQuality "1"]

{[%evp 31,83,0,0,-2,26,0,16,17,10,13,4,6,13,0,56,52,53,44,43,50,50,57,47,61,46,24,16,11,82,68,79,76,83,7,13,15,277,210,290,277,281,252,1258,1104,2957,2459,2002,1656,12834,12835,12835,12835,12836,12831]} 1. e4 e5 2. Nf3 Nc6 3. Bb5 a6 4. Ba4 Nf6 5. O-O Be7 6. d3 b5 7. Bb3 d6 8. c3 O-O 9. Re1 Na5 10. Bc2 c5 11. Nbd2 Nc6 12. h3 Re8 13. Nf1 Bf8 14. Ne3 g6 15. Nh2 Be6 16. Qf3 Bg7 17. Nhg4 {[#] C90: Closed Ruy Lopez with 7...d6: Early deviations} Ra7 $146 ({Predecessor:} 17... Nxg4 18. hxg4 f6 19. g3 Ne7 20. Bb3 Qd7 21. Kg2 a5 22. Bxe6+ Qxe6 23. Rh1 Rf8 24. Rh2 Rf7 {0-1 (43) Gomez,J (2519)-Efimenko,Z (2680) Al Ain 2008}) 18. Bb3 Na5 (18... a5 {keeps more tension.} 19. Bd5 Nxd5 20. exd5 Bxg4 21. hxg4 Ne7) 19. Nxf6+ {The position is equal.} Qxf6 20. Qxf6 Bxf6 21. Bd5 Rc8 22. a4 {With the idea b4.} bxa4 ({Black should play} 22... b4 $11) 23. Rxa4 $14 Bd8 24. Bd2 Rb8 25. b4 {[#] aiming for Bxe6.} Nb3 26. Bxb3 Bxb3 27. Ra3 Be6 28. Rea1 $36 {[%mdl 2048] White has the initiative.} cxb4 29. cxb4 Rba8 (29... Bc8 $1 $11) 30. Nc4 $16 Bxc4 31. dxc4 Bb6 32. b5 (32. Kf1 $16) 32... axb5 $11 33. Rxa7 Bxa7 $4 {[%mdl 8192] [#]} (33... Rxa7 $11 {and Black is okay.} 34. Rxa7 Bxa7 35. cxb5 Kf8) 34. Be3 bxc4 35. Rxa7 Rxa7 36. Bxa7 $18 {[%mdl 4096] Endgame KB-KP} f5 $2 (36... Kf8 37. f3 f6) 37. Bb8 {White is clearly winning.} Kf7 38. Bxd6 Ke6 39. Bb4 fxe4 40. Kf1 Kd5 41. Ke2 Kd4 42. Kd2 {Precision: White = 60%, Black = 35%.} 1-0

[Event "Silver Lake Open-A 2018"]
[Site "Veliko Gradiste"]
[Date "2018.06.23"]
[Round "8"]
[White "Perunovic, Miodrag"]
[Black "Avalyan, Artur"]
[Result "1/2-1/2"]
[WhiteElo "2442"]
[BlackElo "2268"]
[Annotator "TA"]
[PlyCount "230"]
[EventDate "2018.06.21"]
[EventType "swiss"]
[EventCountry "SRB"]
[SourceTitle "playchess.com"]
[Source "ChessBase"]
[SourceQuality "1"]

{[%evp 26,230,18,23,30,25,47,47,45,32,62,55,66,53,57,2,23,0,23,0,39,17,47,47,73,67,63,66,143,75,68,76,72,62,66,57,52,20,26,16,13,8,13,0,0,0,10,0,0,0,0,0,0,0,0,0,0,0,0,0,0,0,0,0,0,0,0,0,106,106,106,106,106,106,106,106,106,106,106,88,106,88,113,88,113,88,106,88,124,82,82,24,223,233,240,248,5724,6111,11961,10955,8771,115,6806,7244,6798,5811,5057,1711,5118,22,22,0,0,0,22,22,22,22,22,22,22,0,22,22,22,0,0,0,0,0,0,0,0,0,0,0,0,0,0,0,0,0,0,0,0,0,0,0,0,0,0,0,0,0,0,0,0,0,0,0,26,26,26,0,0,0,0,0,0,0,0,0,0,0,0,0,0,0,0,0,0,0,0,0,0,0,0,0,0,0,0,0,0,0,0,0,0,0,0,0,0,0,0,0,0,0,0]} 1. d4 Nf6 2. c4 e6 3. Nf3 d5 4. Nc3 Be7 5. Bg5 h6 6. Bh4 O-O 7. e3 Ne4 8. Bxe7 Qxe7 9. Rc1 c6 10. Bd3 Nxc3 11. Rxc3 dxc4 {D56: Damengambit (Moderne Lasker-Verteidigung)} 12. Rxc4 (12. Bxc4 Nd7 13. O-O b6 14. Bd3 c5 15. Qc2 Bb7 16. Bh7+ Kh8 17. Be4 cxd4 18. Nxd4 Bxe4 19. Qxe4 Nc5 20. Qc2 a5 21. h3 Qb7 22. Rc1 Rfd8 {½-½ (39) Akobian,V (2647)-Fridman,D (2636) Saint Louis 2018}) 12... b6 13. Rc3 Bb7 14. O-O {LiveBook: 9 Partien} c5 15. dxc5 bxc5 16. Qe2 Nd7 17. Rfc1 Rfc8 18. Ba6 Rab8 $146 ({Vorgänger:} 18... Bxa6 19. Qxa6 {½-½ (38) Smith,A (2383)-Kovachev,D (2256) Ballerup 2009}) 19. Bxb7 Rxb7 20. Qa6 (20. b3 $14) 20... Nb6 $11 21. b3 Rbc7 (21... Nd5 $5 {[%cal Rd5c3]}) 22. e4 Qd6 (22... c4 $5) 23. h3 Qf4 24. Qe2 g6 25. g3 Qd6 26. Kg2 a5 (26... Kg7 $14) 27. Qa6 ({Lieber} 27. Rd1 Qe7 28. Qa6) 27... Ra8 $16 28. Qb5 {[%cal Rc3c5]} Nd7 29. Rd3 (29. Qe2 {with more complications.} Rb7 30. Rd3 Qe7 31. Nd2 Ne5 32. Rdc3) 29... Qa6 30. Qxa6 Rxa6 31. Rc4 Kf8 32. e5 Ke7 33. Rh4 h5 34. Rf4 Rb6 35. Ra4 Ra6 36. Rf4 Rb6 37. Rd6 Rb4 38. Ra6 c4 39. Rxc4 Rcxc4 40. bxc4 $11 {[%mdl 4096] Endspiel KTS-KTS} Ra4 41. Ra7 Ke8 42. Ra8+ Ke7 43. Ra7 Ke8 44. Ra8+ Ke7 45. Rc8 Rxa2 46. c5 Rc2 (46... f6 $11 {hält das Gleichgewicht.}) 47. Nd4 $1 $16 {[%cal Rd4c6]} Rxc5 48. Nc6+ {[#]} Rxc6 $1 {[%mdl 512]} 49. Rxc6 Nxe5 {KT-KS} 50. Rc5 Kf6 51. Rxa5 Nc6 52. Ra6 Nb4 53. Ra7 Nd5 54. Kf3 Ne7 55. Ke4 Nc8 56. Rd7 Ne7 57. Kd4 h4 58. g4 ({Besser ist} 58. Ke4 $16) 58... g5 $2 {[#]} (58... Nd5 $1 $11) 59. f4 $1 $18 {[%cal Rf4g5][%mdl 512] Droht Matt per fxg5+.} Ng6 (59... gxf4 60. g5+) 60. fxg5+ Kxg5 $2 (60... Kg7 61. Ke4 Kf8 62. Rd8+ Kg7) 61. Rxf7 Nf4 62. Ke5 $1 ({Weniger gut wäre} 62. Rg7+ Kf6 $16) 62... Nxh3 63. Rg7+ Kh6 {[#]} 64. Kf6 $1 Nf4 {[#]} 65. Rg8 $1 {[%cal Rg8h8]} ({Und nicht} 65. g5+ Kh5 $11) 65... Kh7 66. Ra8 (66. Rb8 $142 Nd5+ 67. Kg5) 66... h3 67. Ra1 $2 (67. g5 $18 e5 68. Ra7+ Kg8 69. Kxe5 Ng6+ 70. Kf6) 67... Kh6 $11 68. Rf1 Nd5+ 69. Kxe6 Ne3 70. Rh1 Kg5 71. Rxh3 Nxg4 72. Rf3 Nh2 73. Rf8 Ng4 74. Kd5 Nf6+ 75. Kd4 Kf5 76. Ra8 Ke6 77. Ra5 Nd7 78. Rh5 Ke7 79. Ra5 Ke6 80. Ra6+ Ke7 81. Kd5 Nf6+ 82. Ke5 Nd7+ 83. Kf5 Nf8 84. Rb6 Nd7 85. Rc6 Nf8 86. Rf6 Nd7 87. Re6+ Kd8 88. Re1 Kc7 89. Ke6 {Und weiter mit Tc1+ wäre nett.} Kc6 90. Rc1+ Nc5+ 91. Ke5 {Und Kd4 würde nun gewinnen.} Kb6 92. Kd5 (92. Kd6 {looks sharper.} Na4 93. Rc6+ Kb5 94. Rc2 Kb4 95. Kc7) 92... Nb7 (92... Na4 {is interesting.} 93. Kd6 Kb5 94. Rb1+ Kc4 95. Rd1 Nc3) 93. Rc6+ Kb5 94. Rh6 Na5 {Die Stellung ist ausgeglichen.} 95. Rh1 Kb4 96. Rh3 Nb3 97. Rh4+ Kc3 98. Rc4+ Kd3 99. Rc8 Nd2 100. Rh8 Ke3 101. Rh4 Nf3 102. Re4+ Kd3 103. Re8 Nd2 104. Rf8 Ke3 105. Ke5 Nf3+ 106. Kf5 Nd4+ 107. Kg4 Ke4 108. Re8+ Kd5 109. Kf4 Ne6+ 110. Ke3 Ke5 111. Ra8 Kd5 112. Ra4 Nc5 113. Rd4+ Ke5 114. Rh4 Ne6 115. Rh6 Kf5 {Precision: Weiß = 58%, Schwarz = 63%.} 1/2-1/2

[Event "Silver Lake Open-A 2018"]
[Site "Veliko Gradiste"]
[Date "2018.06.23"]
[Round "8"]
[White "Lajthajm, Borko"]
[Black "Atakisi, Umut"]
[Result "1/2-1/2"]
[WhiteElo "2432"]
[BlackElo "2380"]
[Annotator "TA"]
[PlyCount "153"]
[EventDate "2018.06.21"]
[EventType "swiss"]
[EventCountry "SRB"]
[SourceTitle "playchess.com"]
[Source "ChessBase"]
[SourceQuality "1"]

{[%evp 19,153,-31,-16,-38,-31,-31,-25,-25,-21,-56,-37,-27,25,16,29,0,28,19,26,13,21,0,0,0,0,0,0,0,0,0,0,0,0,0,0,0,0,0,0,0,16,14,32,0,0,0,0,0,0,0,0,0,0,0,0,0,0,0,0,0,0,0,0,0,0,0,0,0,0,0,0,0,0,0,0,0,0,0,0,0,0,0,0,0,0,0,0,0,0,0,0,0,0,0,0,0,0,0,0,0,0,0,0,0,0,0,0,0,0,0,0,0,0,0,0,0,0,0,0,0,0,0,0,0,0,0,0,0,0,0,0,0,0,0,0,0]} 1. e4 c5 2. Nf3 Nc6 3. c3 Nf6 4. e5 Nd5 5. Bc4 Nb6 6. Bb3 d5 7. d4 cxd4 8. cxd4 Bg4 9. Be3 e6 10. O-O Be7 {LiveBook: 9 Games. B22: Sicilian: 2 c3} 11. Nc3 (11. h3 Bh5 12. Nbd2 Rc8 13. Rc1 Qd7 14. Qe2 Bg6 15. Bc2 Nb4 16. Bxg6 hxg6 17. Rxc8+ Qxc8 18. a3 {½-½ (46) Abasov,N (2363)-Brodsky,M (2550) Kharkov 2008}) 11... O-O 12. h3 Bh5 {Black is slightly better.} 13. Qe2 Rc8 14. Rac1 Na5 15. Bc2 Bg6 $146 (15... Bxf3 $142 16. Qxf3 Nac4) ({Predecessor:} 15... Nac4 16. Bd3 Nxe3 17. fxe3 Bg6 18. Bxg6 hxg6 {0-1 (31) Kolago,M (2279)-Litwin,J (2176) Polanica Zdroj 2004}) 16. Bxg6 $11 fxg6 17. Nb1 Qd7 18. b3 a6 19. Bd2 Nc6 20. Bc3 g5 21. Bd2 h6 22. Qd3 Nb4 23. Bxb4 Bxb4 24. a3 Be7 25. Nh2 Rxc1 26. Rxc1 Bd8 27. Nd2 Qf7 28. Ndf3 Qf4 29. Rc2 (29. Qc3 {is interesting.} Be7 30. Qb2 Rc8 31. Rxc8+ Nxc8 32. Qc2) 29... Qf5 (29... Nd7 {with more complications.} 30. Qc3 Qf5 31. Qc8 Nb6 32. Qc3 Be7) 30. Qxf5 Rxf5 31. a4 Nd7 {The position is equal.} 32. Nf1 Rf8 33. Rc8 Bb6 34. Rxf8+ Kxf8 {[%mdl 4096] Endgame KBN-KNN} 35. Ne3 Nb8 36. Nc2 Nc6 37. Kf1 Ba5 38. Ke2 Nb4 39. Nce1 Na2 40. Nd3 b6 41. Ke3 Bc3 42. Ng1 Nb4 43. Nxb4 Bxb4 {KB-KN} 44. Ne2 a5 45. Nc1 Kf7 46. Ne2 Kg6 47. g3 Kf7 48. Ng1 Ba3 49. Kf3 Bb4 50. Ke3 Ba3 51. Ne2 Bb4 52. f4 gxf4+ 53. Nxf4 g6 54. h4 {[%cal Bh3h4,Bh4h5][%mdl 32]} Be1 55. h5 g5 56. Ne2 Kg7 57. Kf3 Kf7 58. Kg2 Kg7 59. Kf1 Bd2 60. Kf2 Kf7 61. Kg2 Kg7 62. Ng1 Bc3 63. Nf3 Kf7 (63... g4 $5 64. Nh2 $8 Bxd4 $11) 64. Kf1 Kg7 (64... g4 $5 65. Nh2 $8 Kf8 $11) 65. Ke2 g4 66. Nh2 Bxd4 67. Nxg4 Bb2 68. Kd2 Bd4 69. Kc2 Ba1 70. Kd2 Bd4 71. Kd3 Bb2 72. Ke3 Bc1+ 73. Ke2 Bb2 74. Kf3 Bc3 75. Ke3 Bb2 76. Kf4 Bc1+ 77. Kf3 {Precision: White = 78%, Black = 78%.} 1/2-1/2

[Event "Silver Lake Open-A 2018"]
[Site "Veliko Gradiste"]
[Date "2018.06.23"]
[Round "8"]
[White "Radovanovic, Mihajlo"]
[Black "Pogan, Nikolas"]
[Result "1-0"]
[WhiteElo "2419"]
[BlackElo "2260"]
[Annotator "TA"]
[PlyCount "71"]
[EventDate "2018.06.21"]
[EventType "swiss"]
[EventCountry "SRB"]
[SourceTitle "playchess.com"]
[Source "ChessBase"]
[SourceQuality "1"]

{[%evp 20,71,9,5,40,0,20,14,15,0,0,-55,16,12,31,15,2,0,45,40,95,96,91,81,63,114,100,64,267,-59,75,-16,-11,-164,60,-159,-143,-124,179,181,556,153,408,429,402,410,629,161,1009,571,29985,29986,29986,29984]} 1. Nf3 Nf6 2. c4 g6 3. g3 Bg7 4. Bg2 O-O 5. O-O d6 6. d4 Nc6 7. d5 Na5 8. Qa4 c5 9. Bd2 b6 10. Bc3 Bd7 11. Qc2 {LiveBook: 45 Games} Rb8 {E60: King's Indian: Unusual lines and Fianchetto Variation without Nc3} (11... b5 12. cxb5 Bxb5 13. Na3 a6 14. Rfd1 Nb7 15. e4 Bd7 16. Nc4 Rb8 17. e5 Bf5 18. Qe2 Ne4 19. Be1 {1-0 (35) Mamedyarov,S (2746)-Jones,G (2624) Bastia 2011}) 12. Nfd2 e5 $146 ({Predecessor:} 12... b5 13. b3 e5 14. dxe6 Bxe6 15. cxb5 Rxb5 16. Na3 Rb8 17. Rad1 Nb7 18. Nac4 d5 19. Be5 {1-0 (31) Radovanovic,M (2245)-Milinkovic,N (1900) Novi Sad 2015}) 13. e4 h5 {The position is equal.} 14. Na3 a6 15. Qd3 (15. Nb3 $11) 15... h4 (15... b5 $15 16. cxb5 axb5) 16. b3 $11 h3 17. Bh1 b5 {...b4 is the strong threat.} 18. Nc2 Nh5 19. Bf3 f5 ({Black should play} 19... Nf6 $14) 20. Bxh5 $1 $16 gxh5 21. f4 bxc4 22. bxc4 {Strongly threatening fxe5.} fxe4 23. Nxe4 {Black must now prevent fxe5.} Nxc4 $2 (23... exf4 $1 $14 24. Bxg7 (24. Nxd6 Bxc3 25. Qxc3 Qe7 $11) (24. Rxf4 Rxf4 25. gxf4 Qh4 $14) (24. gxf4 Qe7 $14) 24... Kxg7) 24. f5 $2 (24. Ng5 $1 $18 {[%csl Gg5][%cal Rd3h7]} Bf5 25. Qxc4 Bxc2 26. Ba5 $1 {[%mdl 512]} Qxa5 27. Qxc2) 24... Ba4 (24... Nb2 $1 $15 25. Bxb2 Rxb2) 25. Rac1 (25. Ne3 $16 Nxe3 26. Qxe3) 25... Bh6 $11 26. f6 $2 (26. Qxc4 $2 Bb5 $19) (26. Rce1 $1 $11 {and White is okay.}) 26... Rf7 $2 (26... Bxc1 $2 27. Ng5 $18) (26... Qe8 $1 $19 27. Rce1 Qg6) 27. Ng5 $2 (27. Qxc4 $2 Bb5 $19) (27. Rce1 $1 $14) 27... Bxg5 $17 28. Qg6+ {[#]} Kf8 $2 {[%mdl 8192]} (28... Kh8 $1 $17 {keeps the pressure on.} 29. Qxf7 Qf8 30. Qxh5+ Qh6 31. Qxh6+ Bxh6) 29. Qxg5 $40 {[%mdl 128] Black is in trouble.} Rh7 $2 {[#]} (29... Qd7 {is tougher.}) 30. Qh4 $2 (30. Na3 $1 $18 {[%mdl 512]}) 30... Bxc2 $2 (30... Nb6 $16 {is a better defense.}) 31. Rxc2 (31. Qxc4 Bg6 $11) 31... Na3 ({Reject} 31... Ne3 32. Qe4 $18) 32. Rcf2 Nb5 (32... Rbb7 $142 33. Qe4 (33. Qxh3 Qd7 $14) 33... Rbf7) 33. Qe4 $2 (33. Bd2 Rbb7 34. Qe4 (34. Qxh3 Qd7 $14)) 33... Rbb7 $2 (33... Rh8) 34. Bd2 {Threatens to win with f7!} Nd4 35. f7 Rhxf7 36. Bh6+ {Precision: White = 21%, Black = 21%.} 1-0

[Event "Silver Lake Open-A 2018"]
[Site "Veliko Gradiste"]
[Date "2018.06.23"]
[Round "8"]
[White "Abramovic, Bosko"]
[Black "Milanovic, Danilo"]
[Result "1-0"]
[WhiteElo "2415"]
[BlackElo "2461"]
[Annotator "TA"]
[PlyCount "94"]
[EventDate "2018.06.21"]
[EventType "swiss"]
[EventCountry "SRB"]
[SourceTitle "playchess.com"]
[Source "ChessBase"]
[SourceQuality "1"]

{[%evp 9,94,0,19,0,5,-13,-8,-8,0,-10,0,-10,0,-4,0,-34,-31,-58,-14,-60,-63,-87,-34,-90,-109,-99,-75,-82,-72,-87,-83,-82,-53,-63,-63,-82,-65,-72,-72,-105,-95,-102,-108,-156,-154,-199,-187,-263,-234,-294,-279,-276,-287,-290,-286,-329,-318,-310,-274,-282,-252,-341,-342,-464,-478,-517,-547,-552,-529,-515,-503,-482,-461,-906,-903,-841,-837,-1039,-1021,-1039,-1022,-818,-877,-1812,-1785,-2377,-2208]} 1. d4 Nf6 2. Nc3 d5 3. Bf4 c6 4. e3 Bf5 5. Bd3 (5. Nf3 h6 6. Ne5 Nbd7 7. g4 Bh7 8. h4 Nxe5 9. dxe5 Ne4 10. Nxe4 Bxe4 11. f3 Bh7 12. e6 {1-0 (57) Bortnyk,O (2610)-Dreev,A (2653) Riadh 2017}) 5... Bg6 {LiveBook: 5 Games} 6. Nge2 {D00: 1 d4 d5: Unusual lines} e6 7. Bxg6 hxg6 8. Qd3 $146 {The position is equal.} ({Predecessor:} 8. Bg5 Bd6 9. f4 Nbd7 10. e4 dxe4 11. Ng3 Qc7 12. Bxf6 Nxf6 13. Ncxe4 Nxe4 14. Nxe4 Bxf4 {½-½ (34) Khodov,A (1815)-Kuzminykh,M Dagomys 2009}) 8... b5 9. a3 Nbd7 {[%cal Bb8d7,Bd7b6,Bb6c4][%mdl 32]} 10. e4 dxe4 11. Nxe4 Nb6 12. Nxf6+ gxf6 13. Rd1 Qd5 {...Nc4 is the strong threat.} 14. f3 Qc4 15. O-O O-O-O (15... Qxd3 $17 16. Rxd3 O-O-O) 16. Qxc4 (16. Qd2 $15) 16... Nxc4 $17 17. Bc1 e5 18. c3 exd4 19. cxd4 Bd6 20. h3 Bc7 21. b3 Nb6 22. Bf4 Nd5 23. Bxc7 Kxc7 24. Rfe1 Rhe8 25. Kf2 Re3 26. Nc1 {[#]} Rc3 $1 27. h4 Rh8 28. g3 (28. Re2 $142) 28... f5 29. Rd2 f4 30. Nd3 fxg3+ ({Much less strong is} 30... Rxb3 31. Nxf4 Nxf4 32. gxf4 $19) 31. Kxg3 Rxb3 32. Ne5 Rxa3 33. Nxf7 Rf8 34. Ne5 Rf6 35. Kg4 a5 {[%cal Ba7a5,Ba5a4,Ba4a3][%mdl 32]} 36. Kg5 Rc3 {Black is clearly winning.} 37. Rf2 a4 38. Nxg6 Rfxf3 39. Rxf3 Rxf3 $19 {[%mdl 4096] Endgame KRN-KRN} 40. h5 a3 41. h6 (41. Ne5 $142 Rh3 42. Ra1) 41... Rg3+ 42. Kf5 Rh3 43. Kg5 b4 44. Nh4 Rg3+ 45. Kf5 Ne3+ 46. Kf6 Ng4+ 47. Kg7 {[#]} Nxh6+ $1 {[%mdl 33280] Precision: White = 24%, Black = 58%. . Loss on Time!?} 1-0

[Event "Silver Lake Open-A 2018"]
[Site "Veliko Gradiste"]
[Date "2018.06.23"]
[Round "8"]
[White "Karavade, Eesha"]
[Black "Ioannidis, Evgenios"]
[Result "1/2-1/2"]
[WhiteElo "2399"]
[BlackElo "2339"]
[Annotator "NA"]
[PlyCount "35"]
[EventDate "2018.06.21"]
[EventType "swiss"]
[EventCountry "SRB"]
[SourceTitle "playchess.com"]
[Source "ChessBase"]
[SourceQuality "1"]
[TimeControl "40/5400+30:900+30"]

1. Nf3 c5 2. e4 d6 3. Bb5+ Nd7 4. d4 cxd4 5. Qxd4 a6 6. Bxd7+ Bxd7 7. c4 Rc8 8. Nc3 e5 9. Qd3 Qc7 10. b3 b5 11. Nd5 Qc6 12. Nd2 Nf6 13. Ne3 bxc4 14. bxc4 Be7 15. O-O O-O 16. Ba3 Rfd8 17. Rfc1 Qa4 18. Qb3 1/2-1/2

[Event "Silver Lake Open-A 2018"]
[Site "Veliko Gradiste"]
[Date "2018.06.23"]
[Round "8"]
[White "Low, Zhen Yu Cyrus"]
[Black "Gajcin, Marina"]
[Result "1-0"]
[WhiteElo "2387"]
[BlackElo "2262"]
[Annotator "TA"]
[PlyCount "89"]
[EventDate "2018.06.21"]
[EventType "swiss"]
[EventCountry "SRB"]
[SourceTitle "playchess.com"]
[Source "ChessBase"]
[SourceQuality "1"]

{[%evp 16,89,7,-13,-10,-7,15,10,16,15,18,-10,-14,-30,-27,-23,-16,-19,-4,-7,0,-29,-34,-28,-18,-13,-12,-11,-15,-7,0,0,-7,0,0,0,0,-7,0,0,0,0,-6,-29,16,29,33,24,42,-8,210,197,234,234,235,141,254,233,411,397,389,403,375,382,580,533,527,533,513,503,518,513,503,495,613,613]} 1. e4 c5 2. Nf3 d6 3. d4 cxd4 4. Nxd4 Nf6 5. Nc3 a6 6. g3 e5 7. Nde2 b5 8. Bg5 Nbd7 {B91: Sicilian Najdorf: 6 g3} 9. Bg2 {LiveBook: 4 Games} Be7 10. Nd5 h6 $146 {The position is equal.} ({Predecessor:} 10... Nxd5 11. Qxd5 Qc7 12. Bxe7 Kxe7 13. Qxa8 Nb6 14. Nc3 Qxc3+ 15. bxc3 Nxa8 16. a4 bxa4 17. Rxa4 {1-0 (54) Kuderinov,K (2432)-Predojevic,B (2558) Istanbul 2005}) 11. Bxf6 Nxf6 12. Nxf6+ Bxf6 13. Qd3 Be6 14. h4 O-O 15. O-O Rc8 16. Rfd1 Bc4 17. Qd2 Qc7 18. Nc1 Be6 19. c3 Be7 20. Nd3 {[%cal Bc1d3,Bd3e1,Be1c2,Bc2e3][%mdl 32]} a5 21. Ne1 Rfd8 22. Bf3 Qb7 23. Nc2 Rc5 24. Ne3 b4 25. cxb4 axb4 26. b3 Rdc8 27. Rac1 Rc3 28. Rxc3 Rxc3 29. Rc1 Rxc1+ (29... Qc6 {feels hotter.} 30. Rd1 g6 31. Qe2 Kg7 32. Bg2 h5) 30. Qxc1 Qa7 31. Qd2 Kh7 32. Ng2 f5 $2 {[#]} (32... g5 $11 {and Black stays safe.}) 33. exf5 $1 $18 Bxf5 34. Ne3 Be6 35. Be4+ Kg8 (35... Kh8 $16 36. Nd5 Bd8) 36. Bd5 Kf7 $2 {[#]} (36... Bxd5 {is a better defense.} 37. Nxd5 Bf8 38. Qxb4 (38. Nxb4 Qa5 $16) 38... Qxa2) 37. Bxe6+ Kxe6 38. Qd5+ Kd7 39. Qf7 Kd8 (39... d5 {was necessary.} 40. Qxd5+ Ke8 41. Qg8+ Bf8) 40. Nd5 {White is clearly winning.} Qd7 41. Qg8+ Qe8 42. Qxg7 Qf8 43. Qg4 ({Weaker is} 43. Qxe7+ Qxe7 44. Nxe7 Kxe7 $16) 43... Qf7 44. Nxb4 h5 45. Qe4 {Precision: White = 68%, Black = 35%.} 1-0

[Event "Silver Lake Open-A 2018"]
[Site "Veliko Gradiste"]
[Date "2018.06.23"]
[Round "8"]
[White "Tosic, Miroslav"]
[Black "Radovanovic, Nikola"]
[Result "1-0"]
[WhiteElo "2384"]
[BlackElo "2438"]
[Annotator "TA"]
[PlyCount "67"]
[EventDate "2018.06.21"]
[EventType "swiss"]
[EventCountry "SRB"]
[SourceTitle "playchess.com"]
[Source "ChessBase"]
[SourceQuality "1"]

{[%evp 16,67,17,6,25,-8,-6,-14,-17,-18,-21,-31,-43,-54,-22,-22,0,0,45,38,35,41,51,47,51,68,233,226,219,233,262,129,136,93,165,112,136,140,217,99,160,139,144,96,141,135,162,128,141,119,650,660,1421,1308]} 1. Nf3 Nf6 2. c4 g6 3. b3 Bg7 4. Bb2 O-O 5. g3 d6 6. Bg2 e5 7. d3 Nc6 8. O-O Re8 9. Nc3 {LiveBook: 26 Games} a6 {A15: English Opening: 1...Nf6} (9... h6 10. Rc1 Be6 11. d4 e4 12. d5 exf3 13. exf3 Bf5 14. dxc6 bxc6 15. c5 d5 16. Ne2 h5 17. h4 {1-0 (68) Grischuk,A (2779)-Mamedov,R (2637) Khanty-Mansiysk 2013}) 10. h3 Rb8 11. e4 $146 ({Predecessor:} 11. Rc1 Bd7 12. a3 b5 13. cxb5 axb5 14. b4 Ne7 15. Qc2 c6 16. Rfd1 Nc8 {0-1 (61) Horak,M (2345)-Pilar,M (2290) Czechia 1998}) 11... b5 {The position is equal.} 12. Re1 Nd7 13. cxb5 axb5 14. Ne2 Nc5 15. d4 $1 {[%cal Rd4c5]} Nxe4 16. Qc2 $1 {[%csl LRc6,LRe4]} Nb4 17. Qxe4 {[%cal Rd4e5]} exd4 18. Qb1 c5 {Threatens to win with ...Bf5.} 19. Nf4 Rxe1+ 20. Nxe1 c4 $2 {[#]} ({Black should try} 20... Qd7 $14) 21. Qd1 $1 $18 c3 22. Ba3 Na6 {[#]} 23. b4 (23. Nc2 $1 $18 {is the precise move to win.}) 23... Nc7 24. Nc2 Qf6 (24... Ne6 $16) 25. Bc1 (25. Ne2 $18) 25... Bf5 26. g4 Be6 (26... Bxc2 $16 27. Qxc2 Bh6) 27. a4 (27. Ne2 $18) 27... bxa4 (27... Bc4 $142) 28. Rxa4 $16 Bb3 29. Ra7 Ne6 30. Nd5 Qh4 31. Qf3 Rf8 32. Ne1 f5 $2 {[%mdl 8192]} (32... Ng5 $16 33. Ne7+ Kh8) 33. Qe2 $18 Nd8 {intending ...fxg4.} 34. Nf3 {Precision: White = 46%, Black = 39%.} 1-0

[Event "Silver Lake Open-A 2018"]
[Site "Veliko Gradiste"]
[Date "2018.06.23"]
[Round "8"]
[White "Stoyanov, Tsvetan"]
[Black "Mitev, Valentin"]
[Result "1/2-1/2"]
[WhiteElo "2363"]
[BlackElo "2086"]
[Annotator "NA"]
[PlyCount "51"]
[EventDate "2018.06.21"]
[EventType "swiss"]
[EventCountry "SRB"]
[SourceTitle "playchess.com"]
[Source "ChessBase"]
[SourceQuality "1"]
[TimeControl "40/5400+30:900+30"]

1. e4 {[%emt 0:00:00]} e6 {[%emt 0:00:17]} 2. d4 {[%emt 0:00:00]} d5 {[%emt 0:00:06]} 3. Nd2 {[%emt 0:00:00]} c5 {[%emt 0:00:20]} 4. exd5 {[%emt 0:00:18]} exd5 {[%emt 0:00:07]} 5. Ngf3 {[%emt 0:00:13]} Nc6 {[%emt 0:00:08]} 6. Bb5 {[%emt 0:00:57]} Qe7+ {[%emt 0:00:29]} 7. Qe2 {[%emt 0:08:39]} Qxe2+ {[%emt 0:00:10]} 8. Kxe2 {[%emt 0:05:04]} a6 {[%emt 0:00:20]} 9. Bxc6+ {[%emt 0:00:13]} bxc6 {[%emt 0:00:05]} 10. dxc5 {[%emt 0:03:04]} Bxc5 {[%emt 0:00:11]} 11. Nb3 {[%emt 0:01:49]} Bd6 {[%emt 0:00:06]} 12. Be3 {[%emt 0:13:42]} f6 {[%emt 0:10:10]} 13. Ne1 {[%emt 0:16:10]} Rb8 {[%emt 0:08:19]} 14. Nd3 {[%emt 0:03:29]} Bf5 {[%emt 0:01:46]} 15. Rab1 {[%emt 0:02:27]} Ne7 {[%emt 0:11:07]} 16. Kd2 {[%emt 0:07:09]} Bxd3 {[%emt 0:03:17]} 17. cxd3 {[%emt 0:01:58]} Nf5 {[%emt 0:00:50]} 18. Rhc1 {[%emt 0:13:29]} Nxe3 {[%emt 0:05:06]} 19. fxe3 {[%emt 0:00:45]} Kd7 {[%emt 0:00:23]} 20. h3 {[%emt 0:01:00]} Rb4 {[%emt 0:02:34]} 21. Rc3 {[%emt 0:04:57]} Rhb8 {[%emt 0:04:22]} 22. Kc2 {[%emt 0:00:41]} Re8 {[%emt 0:06:15]} 23. Kd2 {[%emt 0:02:20]} Reb8 {[%emt 0:00:54]} 24. Kc2 {[%emt 0:03:21]} Re8 {[%emt 0:00:16]} 25. Kd2 {[%emt 0:00:03]} f5 26. Nc5+ 1/2-1/2